Famous People Named Evan or Evans - Statistics

General Stats
  • This quiz has been taken 111 times
  • The average score is 4 of 11
Answer Stats
Life Hint Answer % Correct
1981– Captain America Chris Evans
87%
1995– American rock band of "Bring Me to Life" and "My Immortal" Evanescence
61%
1987– 3-named actress in True Blood, The Wrestler, and Westworld Evan Rachel Wood
49%
1942– Dynasty actress Linda Evans
49%
1988– Actor and singer married to Ashlee Simpson (son of Diana) Evan Ross
43%
1962– First boxer since Muhammad Ali to win a world heavyweight title three times Evander Holyfield
37%
1979– Actress in Lost, The Hurt Locker, and The Hobbit Evangeline Lilly
36%
1973– Singer who was married to The Notorious B.I.G. Faith Evans
33%
1967– American musician and frontman of the Lemonheads Evan Dando
16%
1982– Collaborated with Seth Rogen on movies like Superbad and Pineapple Express Evan Goldberg
13%
1929–1980 American jazz pianist and composer who led a trio Bill Evans
12%
No matching quizzes found
Score Distribution
Percent of People with Each Score
Percentile by Number Answered
Your Score History
You have not taken this quiz